000 007350000a22001210004500
100 1 _aJunca, Humberto
245 1 0 _aY después de la Movida, el club : Exposición de Ana Laura Aláez
300 _aVol.0, núm.11 (Agosto, 2006), Páginas 22-23
500 _aArtista y profesor de arte de las univesidades Jorge Tadeo Lozano y de los Andes.
520 _aLa artista vasca Ana Laura Aláez ha sido acusada de ser demasiado cool. No en vano revolucionó una de los más prestigiosos museos de Madrid, el Reina Sofía, con sus atrevidas instalaciones que evocaban clubs o boutiques. En veinte días, montará en la Casa de la Moneda de Bogotá su última instalación.
773 0 _tArcadia / Andrés Felipe Solano, Editor
942 _cANA
999 _c61814
_d61814